000 00924nam a2200205Ia 4500
003 OSt
005 20210423140158.0
008 210310s1984 ck gr 000 0 spa d
040 _aCO-JMCR
_cCO-JMCR
041 0 _aspa
082 0 4 _a336.012 /
_bD419s
_223
110 2 _aDepartamento Administrativo Nacional de Estadística-DANE
_937105
245 1 3 _aEl sector público colombiano :
_b1970-1981 /
_cDepartamento Administrativo Nacional de Estadística
260 _aBogotá :
_bDANE,
_c1984
300 _b261 páginas ;
_c28 cm.
505 0 _aMarco institucional -- Cuentas del sector público operaciones que intervienen -- Fuente de información, métodos de elaboración. tratamientos específicos, análisis complementarios -- El sector público dentro de la economía nacional
650 1 4 _aPresupuesto
_915225
_vEstadísticas
_zColombia
650 2 4 _aGastos públicos
_xEstadísticas
_zColombia
_937106
942 _2ddc
_cBK
999 _c7709
_d7709